|
|
|
|
| LEADER |
02304nam a2200529 i 4500 |
| 001 |
mzk03001258874 |
| 003 |
CZ BrMZK |
| 005 |
20190319131241.0 |
| 007 |
ta |
| 008 |
190319s1806 gw fr|||||00| ||gerod |
| 040 |
|
|
|a BOA001
|b cze
|e rda
|
| 072 |
|
7 |
|a 159.9
|x Psychologie
|2 Konspekt
|9 17
|
| 072 |
|
7 |
|a 094.5
|x Tisky (19. století)
|2 Konspekt
|9 12
|
| 080 |
|
|
|a 159.9
|2 MRF
|
| 080 |
|
|
|a 616
|2 MRF
|
| 080 |
|
|
|a 025.171
|2 MRF
|
| 100 |
1 |
|
|a Kiesewetter, Johann Gottfried Carl Christian,
|d 1766-1819
|7 ola2007364177
|4 aut
|
| 245 |
1 |
0 |
|a Faßliche Darstellung der Erfahrungs seelenlehre zur Selbstbelehrung für Nichtstudierende /
|c Von J. G. C. Kiesewetter, Doktor und Professor der Philosophie
|
| 246 |
3 |
8 |
|a Kiesewetters Erfahrungs seelenlehre
|
| 264 |
|
1 |
|a Hamburg :
|b bei August Campe,
|c 1806
|
| 300 |
|
|
|a 4 nečíslované strany, 342 stran, 12 nečíslovaných stran ;
|c 8°
|
| 336 |
|
|
|a text
|b txt
|2 rdacontent
|
| 337 |
|
|
|a bez média
|b n
|2 rdamedia
|
| 338 |
|
|
|a svazek
|b nc
|2 rdacarrier
|
| 500 |
|
|
|a Rozsah: [4], 342, [12] s.
|
| 500 |
|
|
|a Výzdoba: Linky
|
| 500 |
|
|
|a Na předním přídeští rukopisná poznámka o ceně knihy: "8 fl 54 xr W. W. 1815"
|
| 561 |
|
|
|a Provenience: [m.p.] Bibl. Monast. Braunens.
|
| 561 |
|
|
|a Provenience: [m.p.] P. Ildephonsi Apell O. S. B. [manu propria]
|
| 561 |
|
|
|a Provenience: [razítko] S.A.B. BRAUNAU
|
| 561 |
|
|
|a Provenience: [razítko] Státní vědecká knihovna Hradec Králové 15.820
|
| 563 |
|
|
|a Původní polousňová vazba, lepenkové desky polepené mramorovaným papírem, rohy a hřbet usní potažené hovězinou, hřbet zdobený zlacenými slepotiskovými ozdobnými linkami, na hřbetě zlacený slepotiskový nápisový štítek
|
| 590 |
|
|
|a Poškozeno foxingem
|
| 650 |
|
7 |
|a psychologie
|7 ph115948
|2 czenas
|
| 650 |
|
7 |
|a patologie
|7 ph115695
|2 czenas
|
| 650 |
|
7 |
|a historické knihovní fondy
|7 ph172933
|2 czenas
|
| 655 |
|
4 |
|a tisky 19. století
|
| 910 |
|
|
|a NAG950
|b B - XVIII. C. aa. 33,1
|
| 978 |
|
|
|b Campe, August
|a Hamburg
|c 1806
|
| 981 |
1 |
|
|a Apell, Ildephons,
|c OSB,
|d 1787-1849
|
| 982 |
0 |
|
|a Broumov - benediktinský klášter
|
| 982 |
0 |
|
|a Hradec Králové - SVK
|
| 984 |
|
|
|a Hamburg
|b Německo
|
| 985 |
|
|
|a 1801-1850
|
| 990 |
|
|
|a BK
|
| 991 |
|
|
|k broumov
|
| 980 |
|
|
|c 003358
|g B - XVIII. C. aa. 33,1
|1 458950003358
|